000 00497cam a2200145 4500500
005 20251012010431.0
041 _afre
042 _adc
100 1 0 _aGazalé, Olivia
_eauthor
245 0 0 _a« Il n’existe point d’homme dans le monde. » Joseph de Maistre
260 _c2007.
500 _a58
786 0 _nPhilosophie magazine | 9 | 5 | 2007-05-01 | p. 21-21 | 1951-1787
856 4 1 _uhttps://shs.cairn.info/magazine-philosophie-magazine-2007-5-page-21?lang=fr&redirect-ssocas=7080
999 _c1519201
_d1519201